[Event "URS-FL"]
[Site "Sverdlovsk"]
[Date "1987.??.??"]
[Round "?"]
[White "Pigusov, Evgeny"]
[Black "Rashkovsky, Nukhim N"]
[Result "1/2-1/2"]
[WhiteElo "2520"]
[BlackElo "2495"]

1.Nf3 Nf6 2.c4 c5 3.g3 b6 4.Bg2 Bb7 5.O-O g6 6.Nc3 Bg7 7.d4 cxd4 8.Qxd4 Nc6
9.Qf4 O-O 10.Rd1 Rc8 11.Rb1 d6 12.b3 Nb8 13.Bb2 Nbd7 14.e4 a6 15.Qe3 b5 16.cxb5 axb5  1/2-1/2

[Event "BCF-ch"]
[Site "Swansea"]
[Date "1987.??.??"]
[Round "?"]
[White "McNab, Colin Anderson"]
[Black "Emms, John M"]
[Result "1-0"]
[WhiteElo "2435"]
[BlackElo "2325"]

1.c4 Nf6 2.Nf3 b6 3.g3 Bb7 4.Bg2 c5 5.O-O g6 6.Nc3 Bg7 7.d4 cxd4 8.Qxd4 d6
9.Rd1 Nbd7 10.Nd5 Rc8 11.Be3 O-O 12.Qh4 b5 13.Nxf6+ Bxf6 14.Ng5 Bxg5 15.Bxg5 Rxc4
16.Bxe7 Qe8 17.e4 Ne5 18.Rxd6 Bxe4 19.Bxe4 Nf3+ 20.Bxf3 Rxh4 21.Bxh4 Qe5
22.Rad1 f6 23.g4 f5 24.Rd7 g5 25.Bxg5 fxg4 26.Bd5+ Kh8 27.Be3 Rf4 28.Rc1 Qe8
29.Bxf4  1-0

[Event "Timisoara"]
[Site "Timisoara"]
[Date "1987.??.??"]
[Round "?"]
[White "Kirov, Nino"]
[Black "Stoica, Valentin"]
[Result "1/2-1/2"]
[WhiteElo "2450"]
[BlackElo "2440"]

1.Nf3 c5 2.g3 b6 3.Bg2 Bb7 4.O-O Nf6 5.c4 g6 6.b3 Bg7 7.Bb2 O-O 8.Nc3 Na6
9.d4 d5 10.cxd5 Nxd5 11.e3 Nxc3 12.Bxc3 cxd4 13.Bxd4 Nc5 14.Bxg7 Kxg7 15.Qd4+ Qxd4
16.Nxd4  1/2-1/2

[Event "Timisoara"]
[Site "Timisoara"]
[Date "1987.??.??"]
[Round "?"]
[White "Kirov, Nino"]
[Black "Przewoznik, Jan"]
[Result "1-0"]
[WhiteElo "2450"]
[BlackElo "2430"]

1.Nf3 Nf6 2.g3 b6 3.Bg2 Bb7 4.O-O c5 5.c4 g6 6.Nc3 Bg7 7.d4 cxd4 8.Qxd4 O-O
9.Qh4 Nc6 10.Bh6 Na5 11.Ng5 Bxg2 12.Kxg2 Nh5 13.Bxg7 Kxg7 14.Rad1 h6 15.Nf3 Rc8
16.b3 Nf6 17.Nd5 Nxd5 18.Rxd5 d6 19.Qd4+ Kh7 20.h4 Nb7 21.h5 e6 22.hxg6+ fxg6
23.Ng5+ hxg5 24.Rh1+ Kg8 25.Rh8+ Kf7 26.Rh7+ Ke8 27.Rxb7 Rc7 28.Rxd6 Qxd6
29.Qxd6 Rxb7 30.Qxe6+ Re7 31.Qxg6+ Kd7 32.Qxg5 Rxe2  1-0

[Event "Timisoara"]
[Site "Timisoara"]
[Date "1987.??.??"]
[Round "?"]
[White "Suba, Mihai"]
[Black "Kengis, Edvins"]
[Result "0-1"]
[WhiteElo "2560"]
[BlackElo "2485"]

1.Nf3 Nf6 2.c4 b6 3.g3 c5 4.Bg2 Bb7 5.O-O g6 6.Nc3 Bg7 7.Re1 O-O 8.e4 Nc6
9.d3 e6 10.Bf4 Ne8 11.Qd2 d6 12.Rab1 Nc7 13.a3 Nd4 14.Nxd4 cxd4 15.Ne2 e5
16.Bh6 f5 17.Bxg7 Kxg7 18.exf5 Bxg2 19.Kxg2 Rxf5 20.Rf1 Qd7 21.f3 Ne6 22.Rf2 Raf8
23.Rbf1 Qc6 24.Qd1 R5f7 25.h4 b5 26.cxb5 Qxb5 27.Nc1 Nc7 28.Qb3 Qa5 29.Na2 Nd5
30.Rc1 Ne3+ 31.Kh3 Qd8 32.Qb5 Qe7 33.Kh2 Qe6 34.Nb4 Ng4+  0-1

[Event "Duncan Lawrie Women-Men"]
[Site "London"]
[Date "1988.10.30"]
[Round "9"]
[White "Dunnington, Angus J"]
[Black "Bellin, Jana"]
[Result "1/2-1/2"]
[WhiteElo "2280"]
[BlackElo "2300"]

1.Nf3 Nf6 2.c4 b6 3.g3 c5 4.Bg2 Bb7 5.O-O g6 6.d3 Bg7 7.e4 O-O 8.Nc3 Nc6
9.Bg5 h6 10.Bf4 Ne8 11.Qd2 Kh7 12.h4 d6 13.Be3 Nd4 14.Nh2 e6 15.f4 Qd7 16.Nf3 f5
17.Ne2 Nxf3+ 18.Bxf3 Nf6 19.Qc2 Rae8 20.Rad1 e5 21.Nc3 Qe7 22.exf5 gxf5 23.fxe5 Qxe5
24.Bf4 Qd4+ 25.Kh1 Bxf3+ 26.Rxf3 Ng4 27.Rb1 a6 28.Nd5 Re6 29.Nc7 Re7 30.Nd5 Re6
31.Nc7 Re7 32.Nd5 Re6  1/2-1/2

[Event "OHRA-B"]
[Site "Amsterdam"]
[Date "1988.??.??"]
[Round "?"]
[White "Ninov, Kiril"]
[Black "Shvidler, Eliahu"]
[Result "1-0"]
[WhiteElo "2515"]
[BlackElo "2430"]

1.Nf3 Nf6 2.g3 b6 3.Bg2 Bb7 4.O-O c5 5.c4 g6 6.Nc3 Bg7 7.d4 Ne4 8.Nxe4 Bxe4
9.d5 O-O 10.Qa4 e5 11.Bg5 Qe8 12.Qa3 h6 13.Bd2 d6 14.Bh3 g5 15.Rae1 Nd7 16.Bc1 b5
17.Nd2 Bg6 18.e4 Nb6 19.b4 Na4 20.bxc5 Nxc5 21.Qf3 b4 22.Nb3 a5 23.Nxc5 dxc5
24.Rd1 Qa4 25.Qe2 b3 26.axb3 Qxb3 27.Bf5 Bxf5 28.exf5 a4 29.h4 gxh4 30.Qg4 h5
31.Qxh4 Qf3 32.Be3 a3 33.Bxc5 Rfc8 34.Be7 Qxf5 35.d6 Qd7 36.Qxh5 a2 37.Qg5 Rxc4
38.Qd2 Rca4 39.Qb2 Qe6 40.Ra1 e4 41.Qc1 Bxa1 42.Qxa1 e3 43.fxe3 Qxe3+ 44.Kg2 Qd4
45.Bf6 Qxa1 46.Rxa1 R8a7 47.Rh1  1-0

[Event "GMA-Open"]
[Site "Belgrade"]
[Date "1988.??.??"]
[Round "?"]
[White "Mikhalchishin, Adrian"]
[Black "Eingorn, Vereslav S"]
[Result "1/2-1/2"]
[WhiteElo "2480"]
[BlackElo "2560"]

1.Nf3 Nf6 2.c4 b6 3.g3 c5 4.Bg2 Bb7 5.O-O g6 6.Nc3 Bg7 7.d4 cxd4 8.Qxd4 d6
9.Be3 Nbd7 10.Rac1 O-O 11.Qd2 Nc5 12.b3 Qd7 13.Bh6 Nce4 14.Nxe4  1/2-1/2

[Event "GMA-Open"]
[Site "Belgrade"]
[Date "1988.??.??"]
[Round "?"]
[White "Drasko, Milan"]
[Black "Todorovic, Goran N"]
[Result "1/2-1/2"]
[WhiteElo "2510"]
[BlackElo "2400"]

1.Nf3 Nf6 2.c4 c5 3.g3 b6 4.Bg2 Bb7 5.O-O g6 6.Nc3 Bg7 7.d4 cxd4 8.Qxd4 d6
9.Rd1 Nbd7 10.Be3 Rc8 11.Rac1 O-O 12.Qh4 a6 13.b3 Re8 14.Bh3 Ba8 15.Nd2 e6
16.Bg2 Bxg2 17.Kxg2 Rc6 18.Nf3 Qa8  1/2-1/2

[Event "GMA-Open"]
[Site "Belgrade"]
[Date "1988.??.??"]
[Round "?"]
[White "Vucicevic, Moma"]
[Black "Cvitan, Ognjen"]
[Result "0-1"]
[WhiteElo "2370"]
[BlackElo "2500"]

1.Nf3 c5 2.c4 b6 3.g3 Bb7 4.Bg2 Nf6 5.O-O g6 6.d4 cxd4 7.Qxd4 Bg7 8.Nc3 d6
9.Be3 Nbd7 10.Rac1 Rc8 11.b3 O-O 12.Qd2 Re8 13.Rfd1 a6 14.Bh3 Rb8 15.Nd4 Ne4
16.Nxe4 Bxe4 17.f3 Bb7 18.Bf2 Ne5 19.e4 Qc7 20.Be3 e6 21.Qf2 Ba8 22.Bg2 h5
23.h3 Nd7 24.Rc2 Bb7 25.Rcd2 Bf8 26.g4 hxg4 27.hxg4 d5 28.cxd5 exd5 29.exd5 Bxd5
30.Nf5 Bc6 31.Nh6+ Bxh6 32.Bxh6 Ne5 33.Bf4 Re6 34.Rc2 Nxf3+ 35.Qxf3 Bxf3
36.Rxc7 Bxd1 37.Rd7 Re1+ 38.Kf2 Rbe8 39.Bd5 R8e7 40.Rd6 Kg7  0-1

[Event "Berlin op"]
[Site "Berlin-West"]
[Date "1988.??.??"]
[Round "3"]
[White "Rukavina, Josip"]
[Black "Sapi, Laszlo"]
[Result "1/2-1/2"]
[WhiteElo "2455"]
[BlackElo "2350"]

1.Nf3 Nf6 2.c4 c5 3.g3 b6 4.Bg2 Bb7 5.O-O g6 6.d4 cxd4 7.Qxd4 Bg7 8.Nc3 O-O
9.Qh4 d6 10.Bg5 Nbd7 11.Rac1 Rc8 12.Rfd1 Re8 13.b3 Rc5 14.Qf4 a6 15.Ne1 Bxg2
16.Nxg2 Qa8 17.Bxf6 Nxf6 18.Ne3 b5 19.b4 Rh5 20.Qf3 bxc4 21.Qxa8 Rxa8 22.Nxc4 Bh6
23.e3 Rb8 24.a3 Ng4 25.Nd5 Bf8 26.h4 Rf5 27.Nf4 Rfb5 28.Na5 e6 29.Rc6 R5b6
30.Rdc1 d5 31.Rxb6 Rxb6 32.Rc8 Kg7 33.Nd3 Nf6 34.Ne5 Bd6 35.Nec6 Ne4 36.Rd8 Bf8
37.Rb8 Rb5 38.Rxb5 axb5 39.Na7 Nd6 40.N5c6 Kf6 41.Nd4 e5 42.Ndxb5 Nc4 43.Nc6 Ke6
44.Kf1 Kd7 45.Na5 Nxa3 46.Nxa3 Bxb4 47.N3c4 dxc4 48.Nxc4 e4 49.Ne5+ Ke6 50.Nc6 Bc3  1/2-1/2

[Event "Berlin op"]
[Site "Berlin-West"]
[Date "1988.??.??"]
[Round "7"]
[White "Hartoch, Robert G"]
[Black "Ekstroem, Roland"]
[Result "0-1"]
[WhiteElo "2375"]
[BlackElo "2440"]

1.Nf3 Nf6 2.g3 b6 3.Bg2 Bb7 4.c4 c5 5.O-O g6 6.b3 Bg7 7.Bb2 O-O 8.Nc3 Na6
9.d3 d5 10.Nxd5 Nxd5 11.Bxg7 Kxg7 12.cxd5 Qxd5 13.Qc2 Qd6 14.Qb2+ Qf6 15.Qxf6+ Kxf6
16.Rfc1 Rfd8 17.a3 Rac8 18.Nd2 Bxg2 19.Kxg2 Ke6 20.Rc4 Nc7 21.b4 cxb4 22.axb4 Nb5
23.Nb3 Rxc4 24.dxc4 Nd4 25.Rd1 Nc6 26.Rxd8 Nxd8 27.b5 Nb7 28.Kf3 Na5 29.Nd2 Kd6
30.Ke3 f5 31.Kd4 e5+ 32.Kc3 Nb7 33.f4 Nc5 34.fxe5+ Kxe5 35.Nf3+ Ke4 36.Ng5+ Ke3
37.Nxh7 Ne4+ 38.Kb4 Kxe2 39.Nf8 g5 40.Ng6 Kf3 41.Ne7 Kg4 42.Kb3 f4 43.gxf4 gxf4
44.Kc2 f3 45.Kd3 f2 46.Ke2 Kh3 47.Nd5 Kxh2 48.Nf4 Kg3 49.Nd3 Kg4 50.Ne5+ Kh3
51.Nd3 Kg3 52.Nxf2 Nxf2 53.Ke3 Kg4 54.Kd4 Kf5 55.Kd5 Ne4 56.Kc6 Ke5 57.Kb7 Kd4
58.Kxa7 Kc5  0-1

[Event "Bern op"]
[Site "Bern"]
[Date "1988.??.??"]
[Round "?"]
[White "Ninov, Kiril"]
[Black "Timmer, Robert"]
[Result "1-0"]
[WhiteElo "2495"]
[BlackElo "2275"]

1.Nf3 Nf6 2.c4 c5 3.g3 b6 4.Bg2 Bb7 5.O-O g6 6.Nc3 Bg7 7.Re1 Ne4 8.Nxe4 Bxe4
9.d4 cxd4 10.Bh6 Bxh6 11.Qxd4 O-O 12.Qxe4 Nc6 13.Rad1 Qc7 14.e3 Rad8 15.Re2 d6
16.b3 Bg7 17.Red2 Bc3 18.Rc2 Bg7 19.a3 e6 20.Qf4 Ne7 21.Rcd2 e5 22.Qe4 h6
23.Ne1 Rd7 24.Qc2 f5 25.b4 Rc8 26.Rc1 Rcd8 27.e4 Rf8 28.Qd1 Rdd8 29.exf5 gxf5
30.Bd5+ Kh8 31.Ng2 Rf6 32.Nh4 Rdf8 33.Qc2 f4 34.Be4 a6 35.Qd1 Rc8 36.Rcc2 Nc6
37.c5 bxc5 38.bxc5 Nd4 39.cxd6 Qd8 40.Rxc8 Qxc8 41.Ng6+ Rxg6 42.Bxg6 Qc6
43.Rd3 Qxd6 44.Be4 Qf6 45.Qh5 Bf8 46.Qg6 Qxg6 47.Bxg6 Bc5 48.Be4 Kg7 49.Kg2 Kf6
50.Rc3 Bd6 51.a4 a5 52.Rc8 Kg7 53.Rd8  1-0

[Event "Biel"]
[Site "Biel"]
[Date "1988.??.??"]
[Round "?"]
[White "Kindermann, Stefan"]
[Black "Ftacnik, Lubomir"]
[Result "1/2-1/2"]
[WhiteElo "2525"]
[BlackElo "2590"]

1.Nf3 Nf6 2.c4 c5 3.g3 b6 4.Bg2 Bb7 5.O-O g6 6.Nc3 Bg7 7.d4 cxd4 8.Qxd4 d6
9.Be3 Nbd7 10.Rac1 Rc8 11.b3 O-O 12.Qd2 Nc5 13.Bh6 Nfe4 14.Nxe4 Nxe4 15.Qe3 Nf6
16.Bxg7 Kxg7 17.Rfd1 Rc7 18.Ne1 Bxg2 19.Nxg2 Qd7 20.Nf4  1/2-1/2

[Event "BCF-ch"]
[Site "Blackpool"]
[Date "1988.??.??"]
[Round "?"]
[White "Morrison, Graham"]
[Black "Howell, James C"]
[Result "0-1"]
[WhiteElo "2325"]
[BlackElo "2420"]

1.Nf3 Nf6 2.c4 b6 3.g3 c5 4.Bg2 Bb7 5.O-O g6 6.b3 Bg7 7.Bb2 O-O 8.Nc3 Na6
9.d4 d5 10.Ne5 e6 11.dxc5 bxc5 12.cxd5 exd5 13.Nd3 Qe7 14.Rc1 Rac8 15.Ba3 Rfd8
16.Na4 Ne4 17.Qe1 d4 18.Qa5 Nc3 19.Nxc3 dxc3 20.Bxb7 Qxb7 21.Rxc3 Bxc3 22.Qxc3 Rd6
23.Ne5 f6 24.Ng4 Rf8 25.Bb2 Qe4 26.Ne3 Kg7 27.h4 Rf7 28.Qc1 h5 29.Kh2 Rdd7
30.Ba1 Nb4 31.Qxc5 Nxa2 32.Qa5 Nb4 33.Rc1 Nd5 34.Rc4 Qe6 35.Nxd5 Rxd5 36.Qc3 Qxe2
37.Rf4 Rf5 38.Rxf5 gxf5 39.Qc5 Qg4 40.Bd4 f4 41.Qg5+ Qxg5 42.hxg5 Kg6 43.gxf6 f3
44.Kh3 Rd7 45.Be3 a6 46.b4 Rd3 47.Bc5 Kxf6 48.g4 hxg4+ 49.Kxg4 Ke5 50.Kg3 Ke4
51.Kg4 Rd5  0-1

[Event "BCF-ch"]
[Site "Blackpool"]
[Date "1988.??.??"]
[Round "?"]
[White "Cooper, John Grantley"]
[Black "Kosten, Anthony C"]
[Result "1-0"]
[WhiteElo "2380"]
[BlackElo "2510"]

1.Nf3 Nf6 2.c4 b6 3.g3 Bb7 4.Bg2 c5 5.O-O g6 6.Nc3 Bg7 7.d4 cxd4 8.Qxd4 d6
9.Be3 Nbd7 10.Rac1 O-O 11.Qh4 Rc8 12.b3 Re8 13.Rfd1 a6 14.Bh3 Rb8 15.Nd4 Ne5
16.Bh6 Bxh6 17.Qxh6 e6 18.Qf4 Qe7 19.Nc2 Red8 20.e4 Rbc8 21.Nd4 Rc5 22.Bg2 Ned7
23.Qe3 Rc7 24.h3 Rdc8 25.a4 Nc5 26.Rb1 Rd8 27.Rb2 Kg7 28.Kh2 h5 29.Re1 h4
30.g4 e5 31.Nde2 Nfd7 32.b4 Ne6 33.Nd5 Bxd5 34.exd5 Nef8 35.Nd4 Rxc4 36.Nc6 Qe8
37.Nxd8 Qxd8 38.Rc1 Rd4 39.Rc6 Nf6 40.Qc3 e4 41.Qe3 Rxd5 42.Rd2 Qe8 43.Rxd5 Qxc6
44.Rd1 d5 45.g5 N6h7 46.Qd4+ Kg8 47.Qxd5 Qxa4 48.Rd4 Qc2 49.Rd2 Qc7+ 50.Qd6 Qc3
51.Rd4 Qc1 52.Bxe4 Nxg5 53.Bg2 Nge6 54.Rd1 Qc2 55.Rd2 Qf5 56.Re2 a5 57.Qe5 Qd3
58.bxa5 bxa5 59.Re4 Qd8 60.Kg1 a4 61.Kh2 a3 62.Ra4 Qe7 63.f4 f6 64.Qa1 Kg7
65.Rxa3 Qd6 66.Ra7+ Kh6 67.Qxf6 Qxf4+ 68.Qxf4+ Nxf4 69.Bf3 N8e6 70.Bg4 Ng7
71.Ra6 Kg5 72.Kg1 Nf5 73.Ra5 Nd3 74.Kg2 Kf4 75.Ra4+ Kg5 76.Re4 Nh6 77.Re8 Nf4+
78.Kf3 Nh5 79.Re4 Nf6 80.Ra4 Nf5 81.Ra5 Ng8 82.Bxf5 gxf5 83.Ra7 Nh6 84.Rb7 Kg6
85.Kf4 Nf7 86.Rb6+ Kh5 87.Kxf5 Nh8 88.Rb7 Kh6 89.Kg4 Ng6 90.Rb6 Kg7 91.Kg5 Ne5
92.Kxh4 Nf7 93.Kg4 Nh6+ 94.Kh5 Nf7 95.Rg6+ Kh7 96.Rg1 Ne5 97.Ra1 Nf7 98.Kg4 Kg6
99.Ra6+ Kg7 100.Kf4 Nh6 101.Ra1 Nf7 102.Kf5 Nh6+ 103.Ke6 Kg6 104.Rg1+ Kh7
105.Ke5 Ng8 106.Rg2 Nh6 107.Kf6 Ng8+ 108.Kg5 Nh6 109.Rb2 Nf7+ 110.Kf6 Nh6
111.Rb7+ Kh8 112.Kg6  1-0

[Event "Texta"]
[Site "Budapest"]
[Date "1988.??.??"]
[Round "?"]
[White "Davies, Nigel R"]
[Black "Tatai, Stefano"]
[Result "1/2-1/2"]
[WhiteElo "2475"]
[BlackElo "2365"]

1.Nf3 Nf6 2.g3 b6 3.Bg2 Bb7 4.O-O c5 5.c4 g6 6.Nc3 Bg7 7.d4 cxd4 8.Qxd4 O-O
9.Qh4 Re8 10.Rd1 d6 11.Bh6 Bh8 12.Rac1 Nbd7 13.e4 Rc8 14.b3 Rc5 15.Ng5 Qb8
16.Bh3 a6 17.Qf4 Ne5 18.Nd5 Bc8 19.Bxc8 Rcxc8 20.Nf3  1/2-1/2

[Event "Budapest"]
[Site "Budapest"]
[Date "1988.??.??"]
[Round "?"]
[White "Robatsch, Karl"]
[Black "Vancsura, Zoltan"]
[Result "1-0"]
[WhiteElo "2415"]
[BlackElo "2295"]

1.Nf3 Nf6 2.c4 c5 3.g3 b6 4.Bg2 Bb7 5.O-O g6 6.d4 cxd4 7.Qxd4 Bg7 8.Nc3 d6
9.b3 Nbd7 10.Bb2 O-O 11.Ne1 Bxg2 12.Nxg2 Rc8 13.Ne3 a6 14.Rac1 Rc5 15.Ncd5 e6
16.Nxf6+ Bxf6 17.Qd2 Bxb2 18.Qxb2 Nf6 19.Rfd1 Qe7 20.Rd3 Rd8 21.Rcd1 h5 22.Qd4 Rd7
23.Qf4 Rc6 24.Nc2 d5 25.Nb4 Qxb4 26.Qxf6 Rcd6 27.Qe5 Qc5 28.Rd4 Qa3 29.R1d2 Qc1+
30.Kg2 Qc3 31.f4 b5 32.e4 bxc4 33.bxc4 Rb6 34.cxd5 Rb2 35.Rxb2 Qxb2+ 36.Kh3 Qf2
37.Rd1 Kh7 38.Rb1 Rd8 39.Rb7 Rf8 40.Qf6 Qf1+ 41.Kh4 Qc4 42.Rxf7+ Rxf7 43.Qxf7+ Kh6
44.Qf6 Kh7 45.dxe6 Qxa2 46.h3 Qa4 47.e7  1-0

[Event "BUL-ch"]
[Site "BUL"]
[Date "1988.??.??"]
[Round "?"]
[White "Ninov, Kiril"]
[Black "Georgiev, Kiril"]
[Result "1/2-1/2"]
[WhiteElo "2495"]
[BlackElo "2595"]

1.Nf3 Nf6 2.g3 b6 3.Bg2 Bb7 4.c4 c5 5.O-O g6 6.Nc3 Bg7 7.d4 cxd4 8.Qxd4 d6
9.b3 Nbd7 10.Bb2 O-O 11.Rfd1 Rc8 12.Nd5 a6 13.Ne1 Nc5 14.Qh4 Nxd5  1/2-1/2

[Event "Capablanca mem-A"]
[Site "Cienfuegos"]
[Date "1988.??.??"]
[Round "?"]
[White "Rivas Pastor, Manuel"]
[Black "Rodriguez, Amador"]
[Result "1/2-1/2"]
[WhiteElo "2505"]
[BlackElo "2540"]

1.c4 Nf6 2.Nf3 b6 3.g3 c5 4.Bg2 Bb7 5.O-O g6 6.b3 Bg7 7.Bb2 O-O 8.Nc3 Na6
9.d4 d5 10.cxd5 Nxd5 11.Nxd5 Bxd5 12.e3 Qc7 13.Qe2 Qb7 14.Rfd1 Rfd8 15.Rac1 Rac8
16.h4 h5 17.Kh2 Be4 18.Ne1 Bxg2 19.Nxg2 cxd4 20.Rxc8 Qxc8 21.Bxd4 Nb4 22.Bxg7 Kxg7
23.Qb2+ Kg8 24.Rxd8+ Qxd8 25.Nf4 Qd6 26.a3 Nc6 27.Qc3 e5 28.Nh3 Qd5 29.Ng5 a5
30.b4 axb4 31.axb4 b5 32.Qa3 Kg7 33.Qb2 f6 34.Nh3 Qc4 35.Qd2 Qxb4 36.Qd7+ Ne7
37.Ng1 Kf7 38.Ne2 Qc4 39.Qd2 b4 40.Nc1 Nd5 41.Qb2 Qc3 42.Qa2  1/2-1/2

[Event "Copenhagen op"]
[Site "Copenhagen"]
[Date "1988.??.??"]
[Round "?"]
[White "Szekely, Peter"]
[Black "Pieniazek, Artur"]
[Result "1-0"]
[WhiteElo "2420"]
[BlackElo "2275"]

1.Nf3 Nf6 2.c4 b6 3.g3 c5 4.Bg2 Bb7 5.O-O g6 6.Nc3 Bg7 7.d4 cxd4 8.Qxd4 d6
9.Be3 Nbd7 10.Rac1 O-O 11.Qd2 Ne4 12.Nxe4 Bxe4 13.Rfd1 Rb8 14.b3 Qc7 15.Bh3 Rfd8
16.Nd4 a6 17.Nc2 Bb2 18.Rb1 Bxc2 19.Qxc2 Bg7 20.Rbc1 Nf6 21.b4 Nd7 22.Qa4 a5
23.bxa5 bxa5 24.Bxd7 Rb4 25.Qc6 Rxd7 26.Qxc7 Rxc7 27.c5 Bb2 28.Rc2 dxc5 29.Bxc5 f6
30.Bxb4 Rxc2 31.Bxa5 Rxe2 32.Rd2 Re5 33.Bb4 Bc1 34.Rc2 Bh6 35.a4 Re4 36.Rb2 f5
37.Kf1 Bg7 38.Rb3 Bd4 39.f3 Re6 40.a5 Kf7 41.Rd3 Be3 42.Be1 Bc5 43.Bd2 h5
44.Rb3 Ke8 45.Rb5 Bd4 46.Rb4 Be3 47.Be1 Kd7 48.Rb3 Bc5 49.Bf2 Bxf2 50.Kxf2 Re5
51.Ra3 Kc7 52.a6 Kb8 53.f4 Re6 54.a7+ Ka8 55.Re3 Ra6 56.Rxe7 Ra2+ 57.Re2 Ra6
58.Re7 Ra2+ 59.Kg1 Rxa7 60.Re6 Rg7 61.Kg2 h4 62.gxh4 Kb7 63.Kf3 Kc7 64.Rf6 Kd7
65.h5 gxh5 66.Rxf5 Ke6 67.Rxh5 Kf6 68.Ke4 Re7+ 69.Kf3 Rg7 70.Ra5 Rh7 71.Kg3 Rg7+
72.Kh4 Rh7+ 73.Rh5 Rg7 74.Rg5 Ra7 75.Kg4 Ra1 76.h4 Rg1+ 77.Kh5 Rf1 78.Rg8 Kf7
79.Rg4 Kf6 80.Kh6 Rh1 81.h5 Kf5 82.Rg5+ Kf6 83.Ra5 Re1 84.Ra6+ Kf5 85.Kh7 Kxf4
86.Ra5 Rb1 87.h6 Kg4 88.Ra7 Kf5 89.Kg7 Rg1+ 90.Kf7 Rh1 91.Ra5+ Kf4 92.Kg6  1-0

[Event "CUB-ch"]
[Site "?"]
[Date "1988.??.??"]
[Round "?"]
[White "Schwiep, Jose"]
[Black "Fernandez, Ciro A"]
[Result "1-0"]
[WhiteElo "2300"]
[BlackElo "2230"]

1.Nf3 Nf6 2.c4 c5 3.g3 b6 4.Bg2 Bb7 5.O-O g6 6.b3 Bg7 7.Bb2 O-O 8.Nc3 Nc6
9.d4 cxd4 10.Nxd4 Qc8 11.Nc2 Na5 12.Nd5 Nxd5 13.Bxg7 Kxg7 14.cxd5 Qc3 15.Nd4 Rac8
16.e3 e5 17.dxe6 dxe6 18.Bxb7 Nxb7 19.Rc1 Qb2 20.Nxe6+  1-0

[Event "Dieren op"]
[Site "Dieren"]
[Date "1988.??.??"]
[Round "5"]
[White "Timmer, Robert"]
[Black "Krudde, Fitzgerald"]
[Result "1/2-1/2"]
[WhiteElo "2295"]
[BlackElo "2255"]

1.Nf3 c5 2.c4 Nf6 3.g3 b6 4.Bg2 Bb7 5.O-O g6 6.b3 Bg7 7.Bb2 O-O 8.Nc3 Ne4
9.Qc2 Nxc3 10.Bxc3 Bxc3 11.Qxc3 d6 12.d4 cxd4 13.Nxd4 Qc8 14.Bxb7 Qxb7 15.Qf3 Qxf3
16.exf3 Rc8 17.Rfe1  1/2-1/2

[Event "Esbjerg"]
[Site "Esbjerg"]
[Date "1988.??.??"]
[Round "?"]
[White "Vaganian, Rafael A"]
[Black "Kosten, Anthony C"]
[Result "1/2-1/2"]
[WhiteElo "2595"]
[BlackElo "2510"]

1.Nf3 Nf6 2.c4 b6 3.g3 Bb7 4.Bg2 c5 5.O-O g6 6.d3 Bg7 7.e4 O-O 8.Nc3 Nc6
9.Bg5 Ne8 10.Qd2 Nd4 11.Nh4 d6 12.Rae1 Qd7 13.b3 e6 14.Bh6 Bxh6 15.Qxh6 f6
16.f4 Qg7 17.Qxg7+ Nxg7 18.Nf3 Bc6 19.Rf2 Rae8 20.Ref1 f5 21.Re1 Nxf3+ 22.Bxf3 fxe4
23.Bxe4 Bd7 24.g4 Rf7 25.Kg2 Ref8 26.Ref1 Ne8 27.Kg3 Kg7 28.h3 h6 29.Bb7 e5
30.Nd5 Be6 31.Bc6 Bxd5 32.Bxd5 Rxf4 33.Rxf4 Rxf4 34.Rxf4 exf4+ 35.Kxf4 Nc7
36.Ke4 Kf6 37.h4 Na6 38.a3 Nb8 39.Bb7 Nd7 40.Bc8 Ne5 41.d4 Nc6 42.dxc5 dxc5
43.Bd7 Na5 44.Ba4 Ke6 45.Kf4 Kf6 46.g5+ hxg5+ 47.hxg5+ Kf7 48.Ke5 Ke7 49.Kd5 Nb7
50.b4 cxb4 51.axb4 Nd8 52.c5 bxc5 53.bxc5 Nf7  1/2-1/2

[Event "Bundesliga 8788"]
[Site "Germany"]
[Date "1988.??.??"]
[Round "?"]
[White "Keitlinghaus, Ludger"]
[Black "Pritchett, Craig William"]
[Result "1/2-1/2"]
[WhiteElo "2400"]
[BlackElo "2385"]

1.Nf3 Nf6 2.c4 b6 3.g3 Bb7 4.Bg2 c5 5.O-O g6 6.Nc3 Bg7 7.d4 cxd4 8.Nxd4 Bxg2
9.Kxg2 O-O 10.e4 Qc7 11.Qe2 Nc6 12.Nc2 d6 13.Bg5 a6 14.Bxf6 exf6 15.Nd5 Qb7
16.f3 Rfe8 17.Nce3 Ne5 18.Rac1 Rac8 19.a4 a5 20.b3 h5 21.Rcd1 Nd7 22.Qc2 Nc5
23.Rfe1 Re5 24.Qb1 Rce8 25.Nc2 Kh7 26.Nf4 Qd7 27.Rd5 f5 28.Rxe5 Rxe5 29.exf5 Qxf5
30.Qd1 Rxe1 31.Nxe1 Qe5 32.Ned3 Qd4 33.Qc2 Kg8 34.Nxc5 bxc5 35.Nd5 Kf8 36.Qe2 Qb2
37.Qxb2 Bxb2 38.Kf2 Ke8 39.Ke3 Kd7 40.h3 Bc1+ 41.Ke2 Bg5 42.f4 Bh6 43.g4 hxg4
44.hxg4 Bg7 45.f5 gxf5 46.gxf5 Be5 47.Kf3 Ke8 48.Ke4 Kd7 49.Ne3 Ba1 50.Ng4 Bb2
51.Kd5 Bd4 52.f6 Bb2 53.Nh6 Bxf6 54.Nxf7 Be7 55.Nh6 Bf6 56.Nf5 Be5 57.Nh4 Bg3
58.Ng6 Bh2 59.Nf8+ Ke7 60.Ne6 Kd7 61.Ng5 Be5 62.Ne4 Bf4 63.Nf6+ Ke7 64.Nh5 Be5
65.Kc6 Ke6 66.Kb5 d5 67.cxd5+ Kxd5 68.Kxa5 c4 69.bxc4+ Kxc4 70.Kb6 Kb4 71.a5 Bd4+
72.Ka6 Be5 73.Kb6 Bd4+ 74.Ka6  1/2-1/2

[Event "Groningen op"]
[Site "Groningen"]
[Date "1988.??.??"]
[Round "?"]
[White "Velikov, Petar"]
[Black "Howell, James C"]
[Result "1-0"]
[WhiteElo "2475"]
[BlackElo "2380"]

1.Nf3 Nf6 2.c4 b6 3.g3 c5 4.Bg2 Bb7 5.O-O g6 6.Nc3 Bg7 7.d4 cxd4 8.Qxd4 d6
9.b3 Nbd7 10.Bb2 O-O 11.Rfd1 a6 12.Nd5 b5 13.Ne1 Rb8 14.cxb5 axb5 15.Rac1 Ne5
16.Nb4 Qd7 17.Qa7 Bxg2 18.Qxd7 Nfxd7 19.Kxg2 Rfc8 20.h3 Nc5 21.Rc2 Ned7 22.Nd5 Re8
23.Bxg7 Kxg7 24.Nf3 e6 25.Nb4 Rb6 26.Nd4 Ra8 27.Ndc6 d5 28.Kf3 Kf6 29.Ke3 Na6
30.Rdc1 Nxb4 31.Nxb4 Ke7 32.Rc7 Kd6 33.f4 Rab8 34.g4 h6 35.Kd4 R8b7 36.Rc8 Rb8
37.R8c3 R8b7 38.e3 Rb8 39.h4 R8b7 40.g5 h5 41.Rc8 Rb8 42.R1c6+ Rxc6 43.Rxc6+ Ke7
44.Ra6 Ke8 45.Nc6 Rc8 46.a4 bxa4 47.bxa4 Kf8 48.a5 Kg7 49.Ne5 Nxe5 50.Kxe5 Rc3
51.Kd4 Rc4+ 52.Kd3 e5 53.Rd6 Rc5 54.a6 exf4 55.exf4 Ra5 56.Kd4 Kf8 57.Ke5 Ke7
58.Rb6 Kf8 59.Rc6 Ke8 60.Rd6 Ke7 61.Rf6 Ke8 62.Rc6 Kf8 63.Kf6 Kg8 64.f5 gxf5
65.Rc8+ Kh7 66.Ra8 Rc5 67.Kxf7 Rc7+ 68.Kf6 Rc6+ 69.Kxf5 d4 70.Ra7+ Kg8 71.Rd7 Rxa6
72.Rxd4 Kf7 73.Rd7+ Ke8 74.Rb7 Ra4 75.g6 Rxh4 76.g7 Rg4 77.Kf6 Rf4+ 78.Kg6 Rg4+
79.Kh7  1-0

[Event "Hastings8899"]
[Site "Hastings"]
[Date "1988.??.??"]
[Round "?"]
[White "Kortschnoj, Viktor"]
[Black "Gulko, Boris F"]
[Result "1/2-1/2"]
[WhiteElo "2595"]
[BlackElo "2590"]

1.Nf3 Nf6 2.c4 b6 3.g3 c5 4.Bg2 Bb7 5.O-O g6 6.d4 cxd4 7.Qxd4 Bg7 8.Nc3 d6
9.Qh4 h6 10.Rd1 Nbd7 11.Ne1 Qc8 12.Bxb7 Qxb7 13.Be3 Rc8 14.Rac1 g5 15.Qd4 Nh5
16.Qg4 Nhf6 17.Qd4 Nh5 18.Qd2 Rxc4 19.Nb5 Rxc1 20.Rxc1 Nc5 21.b4 Ne6 22.Nf3 Nf6
23.Nfd4 Nxd4 24.Qxd4 O-O 25.Rc7 Qd5 26.Qd3 a5 27.bxa5 bxa5 28.Rxe7 Qxa2 29.Bd4 Rb8
30.Ra7 Qd5 31.Nc3 Qb3 32.Rxa5 Rc8 33.Bxf6 Bxf6 34.Nd5 Qxd3 35.exd3 Kg7 36.Ne3 Kg6
37.Nf5 Rc6 38.Rd5 Rc5 39.Rxc5 dxc5 40.g4 h5 41.h3 hxg4 42.hxg4 Be5 43.Kg2 Kf6
44.Kf3 Ke6 45.Ke4 Bc3 46.f3 Be5 47.Ne3 Bd4 48.Nc4 Bg1  1/2-1/2

[Event "Kassel"]
[Site "Kassel"]
[Date "1988.??.??"]
[Round "?"]
[White "Ionescu, Constantin"]
[Black "Hulak, Krunoslav"]
[Result "0-1"]
[WhiteElo "2450"]
[BlackElo "2475"]

1.Nf3 Nf6 2.c4 c5 3.g3 b6 4.Bg2 Bb7 5.O-O g6 6.Nc3 Bg7 7.d4 cxd4 8.Qxd4 d6
9.Be3 Nbd7 10.Rac1 Rc8 11.b3 O-O 12.Qd2 Ne4 13.Nxe4 Bxe4 14.Bh3 Rc7 15.Nd4 a6
16.Rfd1 Ba8 17.Nc2 Nc5 18.Nb4 e6 19.Qxd6 Rd7 20.Bxc5 Rxd6 21.Bxd6 Qc8 22.c5 bxc5
23.Rxc5 Qb7 24.Nc6 Rd8 25.Rd3 Bf8 26.Bxf8 Rxd3 27.exd3 Kxf8 28.Bg2 Kg7 29.d4 Qd7
30.Rc4 Qd6 31.b4 e5 32.dxe5 Qd1+ 33.Bf1 Qa4 34.Bg2 Qxa2 35.Rc5 Qb1+ 36.Bf1 Bb7
37.e6 Qe4 38.Bg2 Qe1+ 39.Bf1 Qxe6 40.Ne5 Qb6 41.Nd3 Qd6 42.Nf4 Qb6 43.Nd5 Qe6
44.Bg2 Bc6 45.Bf3 Qe1+ 46.Kg2 Bb5 47.g4 Bf1+ 48.Kg3 Qe5+ 49.Nf4 Qb8 50.g5 Qxb4
51.Rc8 Bc4 52.h4 h6 53.Rc7 hxg5 54.hxg5 Bb3 55.Rb7 Qc3  0-1

[Event "Luxembourg op"]
[Site "Luxembourg"]
[Date "1988.??.??"]
[Round "7"]
[White "Horvath, Gyula"]
[Black "Maus, Soenke"]
[Result "1/2-1/2"]
[WhiteElo "2440"]
[BlackElo "2425"]

1.Nf3 Nf6 2.c4 c5 3.g3 b6 4.Bg2 Bb7 5.O-O g6 6.Nc3 Bg7 7.d4 cxd4 8.Nxd4 Bxg2
9.Kxg2 O-O 10.e4 Qc7 11.b3 Nxe4 12.Nxe4 Qe5 13.Qf3 Qxd4 14.Ba3 Nc6 15.Rad1 Qe5
16.Rxd7 Qe6 17.Rd5 Nd4 18.Qf4 Nc2 19.Bc1 Nb4 20.Rd2 f5 21.Ng5 Qc6+ 22.Qf3 Qxf3+
23.Nxf3 Rfd8 24.Re2 Rd7 25.Ba3 Nc6 26.Re6 Rc8 27.Rfe1 Bf6 28.h4 Rd3 29.Bc1 Rxf3
30.Kxf3 Nd4+ 31.Kg2 Nxe6 32.Rxe6 Kf7 33.Re2 e5 34.Be3 Ke6 35.Rd2 f4 36.gxf4 exf4
37.Bxf4 Bxh4 38.Re2+ Kf5 39.Bd6 Bf6 40.Kf3 g5 41.Rd2 h5 42.Rd5+ Ke6 43.Ke4 h4
44.f4 g4 45.Be5 Rd8 46.f5+ Kf7 47.Rxd8 Bxd8 48.Kf4 g3 49.Kf3 Bf6 50.Bb8 Bd8
51.Bxa7 Kf6 52.Bb8 Kxf5 53.b4 Ke6 54.Bf4 Kd7 55.a4  1/2-1/2

[Event "Munich"]
[Site "Munich"]
[Date "1988.??.??"]
[Round "?"]
[White "Van der Sterren, Paul"]
[Black "Hertneck, Gerald"]
[Result "1/2-1/2"]
[WhiteElo "2470"]
[BlackElo "2465"]

1.Nf3 Nf6 2.c4 b6 3.g3 Bb7 4.Bg2 c5 5.O-O g6 6.Nc3 Bg7 7.Re1 d6 8.e4 e5 9.d4 Nc6
10.dxe5 dxe5 11.Nd5 h6 12.a3 O-O 13.b4 Qd6 14.Rb1 Rfd8 15.Qa4 Nd7 16.Bh3 Nd4
17.Nxd4 cxd4 18.Bd2 Kh7 19.Rec1 Bc6 20.Qd1 Nf6 21.Qf3 Bd7 22.c5 bxc5 23.bxc5 Qc6
24.Bf1 Nxe4 25.Qxe4 Bf5 26.Bb5 Qc8 27.Qf3 Bxb1 28.Rxb1 Qxc5 29.Nf6+ Kh8 30.Bc6 Rac8
31.Be4 Qd6 32.Nh5 gxh5 33.Qxf7 Qf6 34.Qxh5 d3 35.Rb7 Rf8 36.Be3 d2 37.Kg2 Rfd8
38.Rb1 Rc4 39.Bf3 e4 40.Be2 Rc3 41.Rd1 Rxa3 42.Rxd2 Rxd2 43.Bxd2 Ra2 44.Bc3 Qxc3  1/2-1/2